000 00306nam a22001217a 4500
020 _a81-8022-096-6
100 _aPRIORITY PUBLICATIONS
245 _aMY LITTLE BOOK OF GRAMMAR POSSESSION
260 _aINDIA
_bPRIORITY PUBLICATIONS
300 _a12
650 _aMY LITTLE BOOK OF GRAMMAR
_zINDIA
942 _cBK
999 _c4984
_d4984